000 01107njm a22002897a 4500
005 20100921150813.0
006 a|||||r|||||00| 0
007 sd ammalaaahaa
008 100901t xxu||||| |||| 00| 0 eng d
028 _aPSLP 1018
_bOdeon
035 _aGR-07782
040 _aSED
_cSED
100 _aMangeshkar, Lata
_917891
245 _aSangit Kala Kendra /
_cby Lata Mangeshkar
_h[Sound recording]
246 _aसंगीत कला केंद्र / लता मंगेशकर
260 _aDUM DUM, India
_bHis maser's voice
_cn .d
300 _a1 Sound disc [Gramophone Recording] :
_banalog, 33 1/3 rpm
_c12 in. (LP)
_fGramophone Record
500 _aBrief record
500 _aRecord Labels : His master's voice,Red
505 _aSide-1 (Tum aasha vishwas hamare ) (Lata Mangeshkar); Side--2 (Zindagi aa raha hoon main) (Kishor Kumar)
600 _2Mangeshkar, Lata
650 _aClassical movie
_xExcerpts
_zIndia
_917892
700 _919099
700 _920866
942 _2ddc
_cGR
999 _c47322
_d47322